Pair of Countries with 4 Common Bordering Countries - Statistics

General Stats
  • This quiz has been taken 78 times
    58 since last reset
  • The average score is 12 of 25
Answers on the Map
Answers color-coded by a green-red scale on the quiz's map according to % correct below.
 
Answer Stats
Answer % Correct
Pakistan
73%
Nepal
70%
Myanmar
68%
Bhutan
65%
China - India
65%
Poland
57%
Ukraine
51%
Belarus - Russia
49%
Zambia
49%
Kazakhstan
46%
Kyrgyzstan
46%
Lithuania
46%
Rwanda
46%
Botswana
43%
Latvia
43%
Namibia
43%
Uganda
43%
Zimbabwe
43%
Afghanistan
41%
Burundi
41%
Mozambique
41%
Tajikistan
41%
DR Congo - Tanzania
35%
South Africa - Zambia
35%
China - Uzbekistan
27%
No matching quizzes found
Score Distribution
Percent of People with Each Score
Percentile by Number Answered
Your Score History
You have not taken this quiz since the last reset